All Dua Lipa Songs - Statistics

General Stats
  • This quiz has been taken 39 times
  • The average score is 29 of 75
Answer Stats
Hint Answer % Correct
Future Nostalgia: The Moonlight Edition Leviating (ft DaBaby)
91%
Future Nostalgia Levitating
91%
Dua Lipa New Rules
78%
Future Nostalgia Future Nostalgia
72%
Radical Optimism Houdini
72%
Dua Lipa: Complete Edition One Kiss (With Calvin Harris)
72%
Barbie: Soundtrack Dance The Night
63%
Future Nostalgia Don't Start Now
63%
Dua Lipa IDGAF
63%
Future Nostalgia Physical
63%
Single Physical (ft Troye Sivan)
63%
Radical Optimism Maria
59%
Dua Lipa Be The One
56%
The Lockdown Sessions Cold Heart (Pnau Remix) (Elton John ft Dua Lipa)
56%
Radical Optimism French Exit
56%
Future Nostalgia Love Again
56%
Radical Optimism Training Season
56%
Future Nostalgia Boys Will Be Boys
53%
Future Nostalgia Cool
53%
Radical Optimism End Of An Era
53%
Radical Optimism Illusion
53%
Plastic Hearts Prisoner (Miley Cyrus ft Dua Lipa)
53%
Radical Optimism These Walls
53%
Future Nostalgia Hallucinate
50%
Radical Optimism Happy For You
50%
Radical Optimism Falling Forever
47%
Future Nostalgia Good In Bed
47%
Dua Lipa Hotter Than Hell
47%
Radical Optimism Anything For Love
44%
Dua Lipa Blow Your Mind (Mwah)
44%
Future Nostalgia Break My Heart
44%
Dua Lipa Genesis
44%
Future Nostalgia: The Moonlight Edition We're Good
44%
Radical Optimism Whatcha Doing
44%
Future Nostalgia Pretty Please
41%
Dua Lipa: Complete Edition Electricity (With Silk City)
38%
Future Nostalgia: The Moonlight Edition Fever (With Angele)
38%
Dua Lipa: Complete Edition Kiss And Make Up (With BlackPink)
38%
Dua Lipa: Complete Edition Scared To Be Lonely (With Martin Garrix)
38%
Alita: Battle Angel (Soundtrack) Swan Song
38%
Dua Lipa: Complete Edition Room For 2
34%
Future Nostalgia: The Moonlight Edition Un Dia (One Day) (With J Balvin, Bad Bunny & Tainy)
34%
Dua Lipa Homesick
31%
Future Nostalgia: The Moonlight Edition If It Ain't Me
31%
Dua Lipa Lost In Your Light (ft Miguel)
31%
Mad Love The Prequel No Lie (Sean Paul ft Dua Lipa)
31%
Future Nostalgia: The Moonlight Edition Not My Problem (ft JID)
31%
Traumazine Sweetest Pie (With Megan Thee Stallion)
31%
Future Nostalgia: The Moonlight Edition That Kind Of Woman
31%
Dua Lipa Garden
28%
Dua Lipa: Complete Edition Last Dance
28%
Funk Wav Bounces Vol 2 Potion (With Calvin Harris & Young Thug)
28%
Dua Lipa: Complete Edition Want To
28%
Dua Lipa Begging
25%
Club Future Nostalgia Love Is Religion (The Blessed Madonna Remix)
25%
Dua Lipa Thinking Bout You
25%
Dua Lipa: Complete Edition New Love
22%
Dua Lipa No Goodbyes
22%
Dua Lipa: Complete Edition Running
22%
Dua Lipa: Complete Edition Bad Together
19%
Ruby Handlebars (Jennie ft Dua Lipa)
19%
Fifty Shades Freed: Soundtrack High (With Whethan)
19%
Disco: Guest List Edition Real Groove (Studio 2054 Remix) (Kylie Minogue ft Dua Lipa)
19%
Dua Lipa: Complete Edition Dreams
16%
Gully: Soundtrack Can They Hear Us
13%
Dua Lipa For Julian (Japanese Special Edition Bonus Track)
13%
Live Lounge AllStars Times Like These
13%
Dua Lipa Bang Bang (Italian Special Edition Bonus Track)
9%
Faith Demeanor (Pop Smoke ft Dua Lipa)
9%
Non-Album Single Sugar (Remix) (Brockhampton ft Dua Lipa)
9%
59th ACM Awards Think I'm In Love With You (With Chris Stapleton)
9%
Artists For Grenfell Bridge Over Troubled Water
6%
Non-Album Promotional Single High Wild & Free
6%
Si If Only (Andrea Bocelli ft Dua Lipa)
6%
Shine My Love (Wale ft Major Lazer, Wizkid & Dua Lipa)
6%
No matching quizzes found
Score Distribution
Percent of People with Each Score
Percentile by Number Answered
Your Score History
You have not taken this quiz